Quiz Pierre précieuses - Statistiques

Statistiques générales
  • Ce quiz a été pris 122 fois
  • Le résultat moyen est 9 sur 16
Statistiques - réponses
Par images Réponse % Correct
Diamant
98%
Rubis
92%
Emeraude
88%
Saphir
78%
Quartz
75%
Améthyste
71%
Jade
60%
Lapis Lazuli
54%
Obsidienne
53%
Opal
53%
Topaz
42%
Grenat
34%
Onyx
27%
Bismuth
20%
Tourmaline
20%
Tourmaline pastèque
7%
Aucun quiz correspondant
Distribution des résultats
% des personnes avec chaque résultat
Percentile par nombre de réponses
Votre historique - résultats
Vous n’avez pas pris ce quiz